Praktikum inžinierskogeologického mapovania

Bibliographic Details
Main Authors: Ondrášik, Rudolf, 1936- (Author), Gajdoš, Vojtech, 1944- (Author), Hrašna, Miroslav, 1938- (Author), Matys, Mirko, 1946- (Author), Vlčko, Ján, 1947- (Author)
Format: Book
Language:Slovak
PhysicalDescription:131 strán mapy, schémy, tabuľky 29 cm
Published: Bratislava Univerzita Komenského 1989
ISBN:8022301426
Edition:1. vydanie
Series:Vysokoškolské skriptá
Subjects:

MARC

LEADER 00000cam a2200000 a 4500
001 vtls001082952
003 SK-MaSNL
005 20260301153303.0
008 240513s1989 xo abl f np 00000 slo
015 |a SNBA1989/12 
020 |a 8022301426 
035 |a SNK000025790 
040 |a SNK  |b slo  |c SNK  |e AACR2 
041 0 |a slo 
044 |a xo  |c SK 
080 |a 624.131.1(075.8)(076.5)  |2 1981 
080 |a 551.4  |2 1981 
080 |a 556(075.8)(076.5)  |2 1981 
100 1 |a Ondrášik, Rudolf,  |d 1936-  |4 aut  |9 135253 
245 1 0 |a Praktikum inžinierskogeologického mapovania  |c Rudolf Ondrášik ; Vojtech Gajdoš, Miroslav Hrašna, Mirko Matys, Ján Vlčko 
250 |a 1. vydanie 
260 |a Bratislava  |b Univerzita Komenského  |c 1989 
300 |a 131 strán  |b mapy, schémy, tabuľky  |c 29 cm 
366 |e 95 kusov 
490 1 |a Vysokoškolské skriptá 
504 |a Obsahuje bibliografiu 
650 0 7 |a inžinierska geológia  |2 SNKPH  |9 67378 
650 0 7 |a inžinierskogeologické mapovanie  |2 SNKPH  |9 514680 
655 7 |a učebnice vysokých škôl  |2 SNKPH  |9 70191 
655 7 |a Textbooks (higher)  |2 SNKPHeng  |9 276436 
655 7 |a praktické cvičenia  |2 SNKPH  |9 70517 
700 1 |a Gajdoš, Vojtech,  |d 1944-  |4 aut  |9 39758 
700 1 |a Hrašna, Miroslav,  |d 1938-  |4 aut  |9 39764 
700 1 |a Matys, Mirko,  |d 1946-  |4 aut  |9 39763 
700 1 |a Vlčko, Ján,  |d 1947-  |4 aut  |9 133130 
830 0 |a Vysokoškolské skriptá  |9 276440 
852 |a Slovenská národná knižnica 
919 |a 80-223-0142-6 
954 |a odborná, vedecká literatúra pôvodná (slovenská)  |2 lita 
958 |a OND 
958 |a NB 
958 |a RM 
958 |a UV 
999 |c 792325  |d 794255 
952 |t P60, <04>, [BOOK], {604}  |a SNK  |b SNK  |y VYP  |7 0  |p 17A0150012  |o snkSB 45677 D1  |0 0  |1 0  |4 0  |d 1998-08-04  |l 0  |r 2004-12-31 00:00:00  |w 2026-02-24 
952 |a SNK  |b SNK  |y PREZ  |7 0  |p 17A0860631  |o snkSB 45677  |0 0  |1 0  |4 0  |d 2012-07-16  |f 1  |l 0  |r 2026-02-24 01:42:11  |w 2026-02-24